000 00441nam a22001577a 4500
005 20231116083333.0
008 231116b |||||||| |||| 00| 0 eng d
041 _aEnglish
082 _a344.1 INT
100 _aCohrssen, RD
_lEnglish
245 _aIntroduction to the New Labour Act /
_cRD Cohrssen
260 _c2005
300 _b7 pages ;
_c30 cm.
650 _aLegal practice
_bLaw
942 _cBK
_6ALISON_BN_VRIES
999 _c711
_d711